000 00490nam a22001937a 4500
003 OSt
005 20240626130833.0
008 240626b |||||||| |||| 00| 0 eng d
020 _a9780333427910
040 _cMUST
082 _a510.1 FAV 1987
100 _aFauvel, John
_917092
245 _aThe History of Mathematics
_bA Reader
_cFauvel, John
300 _axxiv,628p.
_bill.
_c25cm
504 _aindex
650 _2Mathematics
700 _aGray, Jeremy
_918094
942 _2ddc
_cO_SHELF
999 _c8936
_d8936